000 00785nam a2200229Ii 4500
003 JO-AjNU
008 230605s9999||||xx |||||||||||||| ||und||
017 _a2009/9/4121
020 _a9957-16-574-1
040 _aJO-AjNU
_bara
_erda
_cJO-AjNU
041 _aara
050 1 4 _aKRM3566.6.M3796.2010
100 3 _a المصاروة ، يوسف محمد ,
_eauthor
_912328
245 0 0 _aتسبيب الأحكام وفقا لقانون أصول المحاكمات المدنية
250 _aط2
264 3 1 _aعمان : دار الثقافة ، 2010
300 _a333ص
336 _atext
_btxt
_2rdacontent
337 _aunmediated
_bn
_2rdamedia
338 _avolume
_bnc
_2rdacarrier
650 4 _aأصول المحاكمات المدنية -- القانون المدني
_912329
999 _aA2781
_c6349
_d6349